<?xml version="1.0" encoding="UTF-8"?>
<record
    xmlns:xsi="http://www.w3.org/2001/XMLSchema-instance"
    xsi:schemaLocation="http://www.loc.gov/MARC21/slim http://www.loc.gov/standards/marcxml/schema/MARC21slim.xsd"
    xmlns="http://www.loc.gov/MARC21/slim">

  <leader>02858nam a2200385 i 4500</leader>
  <controlfield tag="001">45395</controlfield>
  <controlfield tag="003">FINmELB</controlfield>
  <controlfield tag="005">20241216231708.0</controlfield>
  <controlfield tag="006">m     o  u        </controlfield>
  <controlfield tag="007">cr cn|||||||||</controlfield>
  <controlfield tag="008">240206s2015    sp      ob    000 0 spa d</controlfield>
  <datafield tag="040" ind1=" " ind2=" ">
    <subfield code="a">FINmELB</subfield>
    <subfield code="b">spa</subfield>
    <subfield code="e">rda</subfield>
    <subfield code="c">FINmELB</subfield>
  </datafield>
  <datafield tag="050" ind1=" " ind2="4">
    <subfield code="a">CC165</subfield>
    <subfield code="b">.S276 2015</subfield>
  </datafield>
  <datafield tag="080" ind1=" " ind2=" ">
    <subfield code="a">902</subfield>
  </datafield>
  <datafield tag="082" ind1="0" ind2="4">
    <subfield code="a">930.1</subfield>
    <subfield code="2">23</subfield>
  </datafield>
  <datafield tag="100" ind1="1" ind2=" ">
    <subfield code="a">Sarmentero Ortiz, Maria Milagrosa,</subfield>
    <subfield code="e">autor.</subfield>
  </datafield>
  <datafield tag="245" ind1="1" ind2="0">
    <subfield code="a">Aportaciones a la posible ubicaci&#xF3;n de Mainake :</subfield>
    <subfield code="b">consideraciones econ&#xF3;micas derivadas de ello. La ceca de Malaca /</subfield>
    <subfield code="c">Mar&#xED;a Milagrosa Sarmentero Ortiz ; Pilar Fern&#xE1;ndez Uriel, director.</subfield>
  </datafield>
  <datafield tag="264" ind1=" " ind2="1">
    <subfield code="a">[Madrid] :</subfield>
    <subfield code="b">UNED-Universidad Nacional de Educaci&#xF3;n a Distancia,</subfield>
    <subfield code="c">[2015]</subfield>
  </datafield>
  <datafield tag="300" ind1=" " ind2=" ">
    <subfield code="a">1 recurso en l&#xED;nea</subfield>
  </datafield>
  <datafield tag="336" ind1=" " ind2=" ">
    <subfield code="a">texto</subfield>
    <subfield code="b">txt</subfield>
    <subfield code="2">rdacontent/spa</subfield>
  </datafield>
  <datafield tag="337" ind1=" " ind2=" ">
    <subfield code="a">computadora</subfield>
    <subfield code="b">c</subfield>
    <subfield code="2">rdamedia/spa</subfield>
  </datafield>
  <datafield tag="338" ind1=" " ind2=" ">
    <subfield code="a">recurso en l&#xED;nea</subfield>
    <subfield code="b">cr</subfield>
    <subfield code="2">rdacarrier/spa</subfield>
  </datafield>
  <datafield tag="502" ind1=" " ind2=" ">
    <subfield code="a">Tesis (Doctorado)--Universidad Nacional de Educaci&#xF3;n a Distancia, 2015.</subfield>
  </datafield>
  <datafield tag="504" ind1=" " ind2=" ">
    <subfield code="a">Incluye bibliograf&#xED;a.</subfield>
  </datafield>
  <datafield tag="520" ind1=" " ind2=" ">
    <subfield code="a">Se intenta demostrar que la desembocadura del r&#xED;o V&#xE9;lez presenta un entorno geol&#xF3;gico y ocupacional que pudiera coincidir con el enclave de la ciudad de Mainake. Igualmente, y en relaci&#xF3;n con lo anterior, se discute la posible ubicaci&#xF3;n en esta zona de la ceca conocida hasta ahora como de Malaca, en base a conceptos epigr&#xE1;ficos y al abundante comercio en este &#xE1;rea. Para tratar de conseguir los objetivos propuestos se ha realizado recopilaci&#xF3;n, clasificaci&#xF3;n y an&#xE1;lisis de toda la documentaci&#xF3;n hist&#xF3;rica que hiciera referencia a la posible ubicaci&#xF3;n de Mainake y se ha procedido a la observaci&#xF3;n arqueol&#xF3;gica a pie de campo del entorno de la desembocadura del r&#xED;o V&#xE9;lez, con el objeto de valorar si la disposici&#xF3;n de los asentamientos y la configuraci&#xF3;n del terreno coincide con lo expresado por Avieno cuando hace referencia al enclave de Mainake. Asimismo se ha procedido a la clasificaci&#xF3;n de monedas in&#xE9;ditas encontradas en los alrededores de Cerro del Mar, de los siglos III a. C. a II d.C., descubiertas en hallazgos fortuitos. Se ha dedicado especial atenci&#xF3;n a las publicaciones que hacen referencia a la localizaci&#xF3;n de hallazgos de monedas de la ceca de Malaca y al estudio epigr&#xE1;fico de los caracteres que aparecen en el anverso de sus monedas.</subfield>
  </datafield>
  <datafield tag="588" ind1=" " ind2=" ">
    <subfield code="a">Descripci&#xF3;n basada en metadatos suministrados por el editor y otras fuentes.</subfield>
  </datafield>
  <datafield tag="590" ind1=" " ind2=" ">
    <subfield code="a">Recurso electr&#xF3;nico. Santa Fe, Arg.: elibro, 2024. Disponible v&#xED;a World Wide Web. El acceso puede estar limitado para las bibliotecas afiliadas a elibro.</subfield>
  </datafield>
  <datafield tag="650" ind1=" " ind2="4">
    <subfield code="a">Arqueolog&#xED;a.</subfield>
  </datafield>
  <datafield tag="650" ind1=" " ind2="4">
    <subfield code="a">Historia.</subfield>
  </datafield>
  <datafield tag="650" ind1=" " ind2="4">
    <subfield code="a">Numism&#xE1;tica.</subfield>
  </datafield>
  <datafield tag="655" ind1=" " ind2="4">
    <subfield code="a">Tesis.</subfield>
  </datafield>
  <datafield tag="700" ind1="1" ind2=" ">
    <subfield code="a">Fern&#xE1;ndez Uriel, Pilar,</subfield>
    <subfield code="e">director de la tesis.</subfield>
  </datafield>
  <datafield tag="797" ind1="2" ind2=" ">
    <subfield code="a">elibro, Corp.</subfield>
  </datafield>
  <datafield tag="856" ind1="4" ind2="0">
    <subfield code="u">https://elibro.net/ereader/politecnicointernacional/86613</subfield>
  </datafield>
  <datafield tag="999" ind1=" " ind2=" ">
    <subfield code="c">45395</subfield>
    <subfield code="d">45395</subfield>
  </datafield>
</record>
